[Event "CZE-chT2C 2223"]
[Site "Czech Republic"]
[Date "2022.11.20"]
[Round "3.6"]
[White "Kronowetter, Borivoj"]
[Black "Vrkota, Milos"]
[Result "1/2-1/2"]
[WhiteElo "1963"]
[BlackElo "2093"]
[PlyCount "21"]
[EventDate "2022.10.16"]
[EventType "team-tourn"]
[EventRounds "11"]
[EventCountry "CZE"]
[SourceTitle "EXT 2024"]
[Source "ChessBase"]
[SourceDate "2023.10.10"]
[SourceVersion "1"]
[SourceVersionDate "2023.10.10"]
[SourceQuality "1"]
[WhiteTeam "Kolin"]
[BlackTeam "Kutna Hora"]
[WhiteTeamCountry "CZE"]
[BlackTeamCountry "CZE"]

1. Nf3 d5 2. c4 c6 3. b3 Nf6 4. Bb2 g6 5. e3 Bg7 6. Be2 0-0 7. 0-0 b6 8. Nc3 Bb7 9. d4 Na6 10. Rc1 c5 11. Qc2 1/2-1/2

[Event "CZE-chT2C 1920"]
[Site "Czech Republic"]
[Date "2020.02.23"]
[Round "9.3"]
[White "Sykora, Marek1111"]
[Black "Kronowetter, Borivoj"]
[Result "1/2-1/2"]
[WhiteElo "2157"]
[BlackElo "2009"]
[PlyCount "74"]
[EventDate "2019.10.13"]
[EventType "team-tourn"]
[EventRounds "11"]
[EventCountry "CZE"]
[SourceTitle "EXT 2024"]
[Source "ChessBase"]
[SourceDate "2023.10.10"]
[SourceVersion "1"]
[SourceVersionDate "2023.10.10"]
[SourceQuality "1"]
[WhiteTeam "Turnov Zikuda III"]
[BlackTeam "Kolin"]
[WhiteTeamCountry "CZE"]
[BlackTeamCountry "CZE"]

1. e4 c5 2. Nc3 Nc6 3. g3 g6 4. Bg2 Bg7 5. d3 d6 6. f4 e6 7. Nf3 Nge7 8. 0-0 0-0 9. Be3 Nd4 10. Qd2 d5 11. Bf2 Nxf3+ 12. Bxf3 d4 13. Ne2 e5 14. c4 f6 15. Bg2 a6 16. Be1 Nc6 17. f5 b5 18. Nc1 Rf7 19. Qe2 g5 20. h4 h6 21. hxg5 hxg5 22. Bf3 Rd7 23. Nb3 Qb6 24. Nd2 Na5 25. b3 bxc4 26. bxc4 Rb7 27. Rb1 Qc7 28. Bf2 Rab8 29. Bh5 Bd7 30. Rxb7 Rxb7 31. Rb1 Ba4 32. Qe1 Bc2 33. Rxb7 Qxb7 34. Qc1 Ba4 35. Qa3 Qb4 36. Qxb4 cxb4 37. Kf1 Bf8 1/2-1/2

[Event "CZE-chT2C 1920"]
[Site "Czech Republic"]
[Date "2019.12.15"]
[Round "5.6"]
[White "Kronowetter, Borivoj"]
[Black "Finek, Vaclav"]
[Result "0-1"]
[WhiteElo "2009"]
[BlackElo "2072"]
[PlyCount "72"]
[EventDate "2019.10.13"]
[EventType "team-tourn"]
[EventRounds "11"]
[EventCountry "CZE"]
[SourceTitle "EXT 2024"]
[Source "ChessBase"]
[SourceDate "2023.10.10"]
[SourceVersion "1"]
[SourceVersionDate "2023.10.10"]
[SourceQuality "1"]
[WhiteTeam "Kolin"]
[BlackTeam "Liberec Desko"]
[WhiteTeamCountry "CZE"]
[BlackTeamCountry "CZE"]

1. Nf3 Nf6 2. c4 g6 3. g3 Bg7 4. Bg2 0-0 5. 0-0 d5 6. Qc2 c6 7. b3 Bg4 8. Bb2 Nbd7 9. d3 Bxf3 10. Bxf3 e5 11. Nc3 d4 12. Nb1 h5 13. Nd2 h4 14. b4 Re8 15. a4 hxg3 16. hxg3 Qc7 17. c5 Bf8 18. Qb3 a5 19. b5 cxb5 20. Qxb5 Qxc5 21. Ba3 Qxb5 22. axb5 Bxa3 23. Rxa3 e4 24. Nxe4 Nxe4 25. Bxe4 Nc5 26. Bf3 Ra7 27. Rc1 b6 28. Kf1 Rae7 29. Rc4 Rd8 30. Ke1 Kg7 31. Kd2 Re5 32. e3 Ne6 33. Rc6 Rxb5 34. Bg4 Nc5 35. Kc2 a4 36. Be2 Re8 0-1

[Event "CZE-chT2C 1920"]
[Site "Czech Republic"]
[Date "2019.11.17"]
[Round "3.5"]
[White "Otruba, Marek"]
[Black "Kronowetter, Borivoj"]
[Result "0-1"]
[WhiteElo "2044"]
[BlackElo "2009"]
[PlyCount "58"]
[EventDate "2019.10.13"]
[EventType "team-tourn"]
[EventRounds "11"]
[EventCountry "CZE"]
[SourceTitle "EXT 2024"]
[Source "ChessBase"]
[SourceDate "2023.10.10"]
[SourceVersion "1"]
[SourceVersionDate "2023.10.10"]
[SourceQuality "1"]
[WhiteTeam "Ricany 1925"]
[BlackTeam "Kolin"]
[WhiteTeamCountry "CZE"]
[BlackTeamCountry "CZE"]

1. e4 c5 2. Nf3 d6 3. d4 cxd4 4. Nxd4 Nf6 5. Nc3 a6 6. Bg5 e6 7. f4 Be7 8. Qf3 h6 9. Bh4 Qc7 10. 0-0-0 Nbd7 11. g4 g5 12. Bg3 gxf4 13. Bxf4 e5 14. Nf5 exf4 15. Nxe7 Kxe7 16. Qxf4 Nb6 17. Bb5 Qc5 18. e5 dxe5 19. Rhe1 Nxg4 20. Qf3 axb5 21. Ne4 Qc7 22. h3 Rxa2 23. Kb1 Be6 24. hxg4 Nd7 25. Rxd7+ Kxd7 26. Rd1+ Kc8 27. Nd6+ Kb8 28. Qf6 Rd8 29. Qxe5 Ra6 0-1

[Event "CZE-chT2C 1920"]
[Site "Czech Republic"]
[Date "2019.10.13"]
[Round "1.5"]
[White "Kucera, Tomas"]
[Black "Kronowetter, Borivoj"]
[Result "0-1"]
[WhiteElo "1993"]
[BlackElo "2009"]
[PlyCount "102"]
[EventDate "2019.10.13"]
[EventType "team-tourn"]
[EventRounds "11"]
[EventCountry "CZE"]
[SourceTitle "EXT 2024"]
[Source "ChessBase"]
[SourceDate "2023.10.10"]
[SourceVersion "1"]
[SourceVersionDate "2023.10.10"]
[SourceQuality "1"]
[WhiteTeam "Kobylisy II"]
[BlackTeam "Kolin"]
[WhiteTeamCountry "CZE"]
[BlackTeamCountry "CZE"]

1. Nf3 Nf6 2. g3 g6 3. Bg2 Bg7 4. 0-0 0-0 5. d3 d5 6. Nbd2 c5 7. e4 dxe4 8. dxe4 Qc7 9. Re1 e5 10. Nc4 Nc6 11. Qd6 Qxd6 12. Nxd6 Nd4 13. Nxd4 cxd4 14. b3 Rd8 15. Nc4 Ne8 16. Ba3 b5 17. Na5 Bd7 18. Nb7 Rdc8 19. Nc5 Bf8 20. Nxd7 Bxa3 21. Nxe5 Rxc2 22. Bf1 a6 23. Bd3 Rc3 24. Rad1 Ng7 25. Nd7 Rc6 26. Ne5 Rc3 27. Nd7 Ne6 28. Nb6 Rd8 29. Nd5 Rc6 30. Bb1 Kf8 31. Kg2 Bb2 32. Nb4 Rcc8 33. Nxa6 Bc3 34. Bd3 Bxe1 35. Rxe1 Nc5 36. Bxb5 Nxa6 37. Bxa6 Ra8 38. Bc4 Rxa2 39. Rd1 Ke7 40. Rd3 Kf6 41. Kg1 Ke5 42. Bd5 Rxd5 43. exd5 Kxd5 44. g4 Ke4 45. Rh3 d3 46. Re3+ Kd4 47. Re7 d2 48. Rd7+ Kc3 49. Kf1 Ra1+ 50. Ke2 Re1+ 51. Kf3 d1Q+ 0-1

[Event "CZE-chT2D 1819"]
[Site "Czech Republic"]
[Date "2019.03.17"]
[Round "10.7"]
[White "Kronowetter, Borivoj"]
[Black "Tuma, Jan"]
[Result "0-1"]
[WhiteElo "1993"]
[BlackElo "2034"]
[PlyCount "118"]
[EventDate "2018.10.14"]
[EventType "team-tourn"]
[EventRounds "11"]
[EventCountry "CZE"]
[SourceTitle "EXT 2022"]
[Source "ChessBase"]
[SourceDate "2021.10.06"]
[SourceVersion "1"]
[SourceVersionDate "2021.10.06"]
[SourceQuality "1"]
[WhiteTeam "Kolin"]
[BlackTeam "Chotebor"]
[WhiteTeamCountry "CZE"]
[BlackTeamCountry "CZE"]

1. e4 c5 2. Nf3 Nc6 3. d4 cxd4 4. Nxd4 Nf6 5. Nc3 e5 6. Ndb5 d6 7. Bg5 a6 8. Na3 b5 9. Nd5 Be7 10. Bxf6 Bxf6 11. c4 b4 12. Nc2 Rb8 13. b3 Bg5 14. Nce3 0-0 15. g3 Kh8 16. Bg2 Bxe3 17. Nxe3 g6 18. h4 Nd4 19. h5 Qg5 20. Rb1 Kg7 21. Rb2 f5 22. exf5 Bxf5 23. Rd2 Rf6 24. Rh4 a5 25. Nd5 Rf7 26. Kf1 Be6 27. Kg1 Bxd5 28. Bxd5 Rf6 29. hxg6 hxg6 30. Be4 Rh8 31. Rxh8 Kxh8 32. Kg2 Kg7 33. Qe1 Rf4 34. Qe3 Rg4 35. Qxg5 Rxg5 36. Rd1 Rh5 37. Rc1 Rh8 38. c5 Rc8 39. c6 g5 40. Kh3 Kf6 41. Kg4 Ne2 42. Rh1 Nc3 43. Rh6+ Kg7 44. Rh7+ Kg8 45. Bf5 Rxc6 46. Kxg5 d5 47. Ra7 Nxa2 48. Rxa5 Nc3 49. Ra8+ Kg7 50. Rb8 Na2 51. Rb7+ Kf8 52. Bg6 Rc3 53. Rf7+ Kg8 54. Ra7 Nc1 55. Ra8+ Kg7 56. Ra7+ Kf8 57. Rf7+ Kg8 58. Re7 Nxb3 59. Rxe5 d4 0-1

[Event "CZE-chT2D 1819"]
[Site "Czech Republic"]
[Date "2018.12.02"]
[Round "4.7"]
[White "Cernovsky, Jiri"]
[Black "Kronowetter, Borivoj"]
[Result "0-1"]
[WhiteElo "2108"]
[BlackElo "1993"]
[PlyCount "92"]
[EventDate "2018.10.14"]
[EventType "team-tourn"]
[EventRounds "11"]
[EventCountry "CZE"]
[SourceTitle "EXT 2022"]
[Source "ChessBase"]
[SourceDate "2021.10.06"]
[SourceVersion "1"]
[SourceVersionDate "2021.10.06"]
[SourceQuality "1"]
[WhiteTeam "Kutna Hora"]
[BlackTeam "Kolin"]
[WhiteTeamCountry "CZE"]
[BlackTeamCountry "CZE"]

1. e4 c5 2. Ne2 Nc6 3. g3 g6 4. Bg2 Bg7 5. 0-0 e6 6. c3 Nge7 7. d3 0-0 8. Be3 b6 9. f4 Ba6 10. Qc2 d5 11. e5 f6 12. exf6 Bxf6 13. Bf2 Qd6 14. Nd2 e5 15. Rfe1 Rae8 16. Rad1 Kh8 17. Nf3 Bc8 18. fxe5 Nxe5 19. Nxe5 Bxe5 20. d4 Bg7 21. dxc5 bxc5 22. Qa4 Bh6 23. Nf4 Bg4 24. Rxd5 Nxd5 25. Rxe8 Nxf4 26. gxf4 Bxf4 27. Rxf8+ Qxf8 28. Qxa7 Bxh2+ 29. Kf1 Qd6 30. Qa8+ Kg7 31. Qd5 Qa6+ 32. c4 Qxa2 33. Bd4+ cxd4 34. Qxd4+ Kh6 35. Qxg4 Qb1+ 36. Kf2 Qxb2+ 37. Ke1 Qc1+ 38. Ke2 Qc2+ 39. Ke1 Qc3+ 40. Ke2 Bg3 41. Bf3 Qc2+ 42. Ke3 Bf2+ 43. Kf4 Qxc4+ 44. Be4 Qc1+ 45. Ke5 Qc7+ 46. Kf6 Bd4+ 0-1

[Event "Prague Golden op 14th"]
[Site "Prague"]
[Date "2018.07.07"]
[Round "8"]
[White "Krivanek, Vladimir"]
[Black "Kronowetter, Borivoj"]
[Result "0-1"]
[WhiteElo "2109"]
[BlackElo "1895"]
[PlyCount "60"]
[EventDate "2018.06.30"]
[EventType "swiss"]
[EventRounds "9"]
[EventCountry "CZE"]
[SourceTitle "CBM 185 Extra"]
[Source "ChessBase"]
[SourceDate "2018.07.29"]
[SourceVersion "1"]
[SourceVersionDate "2018.07.29"]
[SourceQuality "1"]

1. e4 c5 2. Nc3 Nc6 3. Bb5 e6 4. Nf3 Nge7 5. d4 cxd4 6. Nxd4 Nxd4 7. Qxd4 a6 8. Be2 Nc6 9. Qd3 Nb4 10. Qd2 Be7 11. 0-0 0-0 12. Bf3 Qc7 13. b3 b5 14. Bb2 Bb7 15. Rfd1 Rfd8 16. Rac1 Rac8 17. g3 d5 18. exd5 Nxd5 19. Nxd5 Bxd5 20. Qe2 Bxf3 21. Qxf3 Rxd1+ 22. Rxd1 b4 23. Qg4 Bf8 24. Qd4 Qa5 25. Qd7 Rxc2 26. Bd4 Qxa2 27. Ra1 Qxb3 28. Rxa6 Rd2 29. Ra8 Qb1+ 30. Kg2 Qe4+ 0-1

[Event "Prague Golden op 14th"]
[Site "Prague"]
[Date "2018.07.06"]
[Round "7"]
[White "Kronowetter, Borivoj"]
[Black "Cabart, Pavel"]
[Result "1/2-1/2"]
[WhiteElo "1895"]
[BlackElo "1724"]
[PlyCount "80"]
[EventDate "2018.06.30"]
[EventType "swiss"]
[EventRounds "9"]
[EventCountry "CZE"]
[SourceTitle "CBM 185 Extra"]
[Source "ChessBase"]
[SourceDate "2018.07.29"]
[SourceVersion "1"]
[SourceVersionDate "2018.07.29"]
[SourceQuality "1"]

1. e4 c5 2. Nf3 Nc6 3. d4 cxd4 4. Nxd4 g6 5. Bc4 Bg7 6. Be3 Nf6 7. Nc3 0-0 8. Bb3 d6 9. f3 Bd7 10. Qd2 Rc8 11. 0-0-0 Nxd4 12. Bxd4 b5 13. Kb1 a5 14. Nd5 Nxd5 15. Bxg7 Kxg7 16. Bxd5 Qc7 17. e5 Bf5 18. Rc1 dxe5 19. g4 Bd7 20. h4 h6 21. h5 g5 22. Rhd1 Rfd8 23. Qe2 Be8 24. c4 bxc4 25. Bxc4 Rxd1 26. Qxd1 Qd6 27. Qe1 Qd4 28. b3 a4 29. Rd1 Qf4 30. Rd5 f6 31. Qd1 axb3 32. axb3 Qe3 33. Rd8 Qc5 34. Rxc8 Qxc8 35. Qd3 Qd7 36. Qe4 Qd1+ 37. Ka2 Qd2+ 38. Kb1 Qd1+ 39. Ka2 Qd2+ 40. Kb1 Qd1+ 1/2-1/2

[Event "Prague Golden op 14th"]
[Site "Prague"]
[Date "2018.07.05"]
[Round "6"]
[White "Sargsjan, Karen"]
[Black "Kronowetter, Borivoj"]
[Result "0-1"]
[WhiteElo "1961"]
[BlackElo "1895"]
[PlyCount "72"]
[EventDate "2018.06.30"]
[EventType "swiss"]
[EventRounds "9"]
[EventCountry "CZE"]
[SourceTitle "CBM 185 Extra"]
[Source "ChessBase"]
[SourceDate "2018.07.29"]
[SourceVersion "1"]
[SourceVersionDate "2018.07.29"]
[SourceQuality "1"]

1. c4 Nf6 2. Nf3 g6 3. g3 Bg7 4. Bg2 c6 5. Nc3 d5 6. cxd5 cxd5 7. d4 0-0 8. 0-0 Nc6 9. Bg5 h6 10. Bf4 g5 11. Bc1 b6 12. Re1 Bb7 13. a3 Rc8 14. h4 gxh4 15. Nxh4 e6 16. e3 Na5 17. e4 dxe4 18. Nxe4 Nxe4 19. Bxe4 Qxd4 20. Qxd4 Bxd4 21. Bxh6 Bxb2 22. Ra2 Bc3 23. Ree2 Rfd8 24. Bg5 Rd1+ 25. Kg2 Ba6 26. Rec2 Bc4 27. Rxc3 Bf1+ 28. Kh2 Rxc3 29. Ng2 f5 30. Bc2 Bc4 31. Rb2 Rf1 32. Bb1 Bd5 33. Ba2 Nc4 34. Re2 Rxa3 35. Rc2 Ne5 36. Bxd5 Ng4+ 0-1

[Event "Prague Golden op 14th"]
[Site "Prague"]
[Date "2018.07.02"]
[Round "3"]
[White "Kronowetter, Borivoj"]
[Black "Janacek, Jaroslav"]
[Result "0-1"]
[WhiteElo "1895"]
[BlackElo "1989"]
[PlyCount "58"]
[EventDate "2018.06.30"]
[EventType "swiss"]
[EventRounds "9"]
[EventCountry "CZE"]
[SourceTitle "CBM 185 Extra"]
[Source "ChessBase"]
[SourceDate "2018.07.29"]
[SourceVersion "1"]
[SourceVersionDate "2018.07.29"]
[SourceQuality "1"]

1. e4 c5 2. Nf3 Nc6 3. d4 cxd4 4. Nxd4 Nf6 5. Nc3 e5 6. Ndb5 d6 7. Bg5 a6 8. Na3 b5 9. Nd5 Be7 10. Bxf6 Bxf6 11. c4 Qa5+ 12. Qd2 Qxd2+ 13. Kxd2 Bg5+ 14. Kd1 0-0 15. cxb5 Nd4 16. bxa6 f5 17. h4 Bd8 18. exf5 Bxf5 19. f3 Kh8 20. Nc4 Rxa6 21. Nce3 Ra5 22. Bc4 g5 23. h5 g4 24. fxg4 Bd7 25. b3 Bg5 26. Rf1 Bxg4+ 27. Nxg4 Rxf1+ 28. Bxf1 Nxb3 29. Rb1 Rxd5+ 0-1

[Event "Prague Golden op 13th"]
[Site "Prague"]
[Date "2017.07.07"]
[Round "7"]
[White "Kronowetter, Borivoj"]
[Black "Stojkovic, Andreja"]
[Result "0-1"]
[WhiteElo "1671"]
[BlackElo "1933"]
[PlyCount "58"]
[EventDate "2017.07.01"]
[EventType "swiss"]
[EventRounds "9"]
[EventCountry "CZE"]
[SourceTitle "CBM 179 Extra"]
[Source "ChessBase"]
[SourceDate "2017.08.23"]
[SourceVersion "1"]
[SourceVersionDate "2017.08.23"]
[SourceQuality "1"]

1. e4 c5 2. Nf3 a6 3. d4 cxd4 4. Nxd4 Nc6 5. Nc3 e6 6. Be3 Nf6 7. Be2 Bb4 8. Nxc6 bxc6 9. 0-0 d5 10. f3 0-0 11. exd5 exd5 12. a3 Bd6 13. b4 Qc7 14. f4 Re8 15. Qd2 a5 16. b5 c5 17. Nxd5 Nxd5 18. Qxd5 Bb7 19. Qd2 Rad8 20. Bf3 Be5 21. Qf2 Bxa1 22. Rxa1 Bxf3 23. Qxf3 a4 24. Rb1 Rb8 25. Qf2 Qa5 26. c4 Re4 27. Rc1 Rbe8 28. Bd2 Qd8 29. Rc2 Re2 0-1

[Event "Prague Golden op 13th"]
[Site "Prague"]
[Date "2017.07.06"]
[Round "6"]
[White "Veselsky, Jan"]
[Black "Kronowetter, Borivoj"]
[Result "0-1"]
[WhiteElo "1672"]
[BlackElo "1671"]
[PlyCount "110"]
[EventDate "2017.07.01"]
[EventType "swiss"]
[EventRounds "9"]
[EventCountry "CZE"]
[SourceTitle "CBM 179 Extra"]
[Source "ChessBase"]
[SourceDate "2017.08.23"]
[SourceVersion "1"]
[SourceVersionDate "2017.08.23"]
[SourceQuality "1"]

1. d4 Nf6 2. c4 g6 3. Nc3 Bg7 4. e4 d6 5. Nf3 0-0 6. Be2 e5 7. 0-0 Nc6 8. d5 Ne7 9. b4 Nd7 10. Ba3 f5 11. Ng5 Nf6 12. Bf3 h6 13. Ne6 Bxe6 14. dxe6 Qc8 15. Rc1 Qxe6 16. exf5 gxf5 17. Bxb7 Rab8 18. Bf3 Kh8 19. Nd5 Nexd5 20. cxd5 Qf7 21. Qc2 Nxd5 22. Bxd5 Qxd5 23. Rfd1 Qe6 24. Qxc7 Rfc8 25. Qxd6 Qxd6 26. Rxd6 Rxc1+ 27. Bxc1 Rxb4 28. Rd1 Rb1 29. Rf1 Ra1 30. a3 e4 31. g3 Kh7 32. Kg2 a5 33. Be3 Rxa3 34. Rd1 Rd3 35. Rb1 Rd6 36. Rb7 Kg6 37. Ra7 Bc3 38. Bc5 Rc6 39. Be7 Be1 40. Kf1 Rc1 41. Ke2 Bb4 42. Ra6+ Kh5 43. Bxb4 axb4 44. Rb6 Rc2+ 45. Ke3 Rc3+ 46. Kf4 Rf3+ 47. Ke5 Rxf2 48. Rxb4 Kg4 49. Rb6 Rxh2 50. Rg6+ Kf3 51. Kxf5 Rh5+ 52. Kf6 e3 53. Rg7 Rg5 54. Re7 e2 55. g4 Kf2 0-1

[Event "Prague Golden op 13th"]
[Site "Prague"]
[Date "2017.07.04"]
[Round "4"]
[White "Plate, Marion Helga"]
[Black "Kronowetter, Borivoj"]
[Result "1/2-1/2"]
[WhiteElo "1564"]
[BlackElo "1671"]
[PlyCount "128"]
[EventDate "2017.07.01"]
[EventType "swiss"]
[EventRounds "9"]
[EventCountry "CZE"]
[SourceTitle "CBM 179 Extra"]
[Source "ChessBase"]
[SourceDate "2017.08.23"]
[SourceVersion "1"]
[SourceVersionDate "2017.08.23"]
[SourceQuality "1"]

1. d4 Nf6 2. Bf4 g6 3. e3 Bg7 4. Nf3 c5 5. c3 b6 6. Be2 Bb7 7. Na3 a6 8. 0-0 0-0 9. dxc5 bxc5 10. Nc4 d5 11. Qb3 Ra7 12. Rad1 Nh5 13. Bg5 dxc4 14. Rxd8 cxb3 15. Bxe7 Rxd8 16. Bxd8 Nd7 17. axb3 Ra8 18. Ba5 Nhf6 19. Rd1 Re8 20. Nd2 Bd5 21. Nc4 Ne5 22. Nxe5 Rxe5 23. b4 c4 24. Rd4 Re4 25. Bc7 Rxd4 26. exd4 Kf8 27. f3 Ke7 28. Kf1 Kd7 29. Bb8 Bf8 30. h3 Bd6 31. Bxd6 Kxd6 32. Kf2 Nd7 33. Ke3 Nb6 34. Kd2 Ke6 35. Bd1 h5 36. Ke3 Bc6 37. b3 Bd5 38. bxc4 Bxc4 39. g3 Nd5+ 40. Kd2 Kf6 41. h4 Kf5 42. Bc2+ Ke6 43. Bd3 Nb6 44. Be4 f5 45. Bd3 Bb5 46. Bc2 Nc4+ 47. Ke1 Ne3 48. Bb1 Kd5 49. Ba2+ Bc4 50. Bb1 Kc6 51. g4 hxg4 52. fxg4 Nxg4 53. h5 gxh5 54. Bxf5 Kd5 55. Bg6 Nf6 56. Bf7+ Kc6 57. Bxc4 Ne4 58. Bxa6 Nxc3 59. Kd2 Nd5 60. b5+ Kb6 61. Ke2 Nc3+ 62. Ke3 Nxb5 63. Bxb5 Kxb5 64. d5 Kc5 1/2-1/2

[Event "Prague Golden op 13th"]
[Site "Prague"]
[Date "2017.07.01"]
[Round "1"]
[White "Kronowetter, Borivoj"]
[Black "Rezek, Filip"]
[Result "1-0"]
[WhiteElo "1671"]
[BlackElo "1199"]
[PlyCount "59"]
[EventDate "2017.07.01"]
[EventType "swiss"]
[EventRounds "9"]
[EventCountry "CZE"]
[SourceTitle "CBM 179 Extra"]
[Source "ChessBase"]
[SourceDate "2017.08.23"]
[SourceVersion "1"]
[SourceVersionDate "2017.08.23"]
[SourceQuality "1"]

1. e4 c6 2. Nc3 d5 3. Nf3 dxe4 4. Nxe4 Bf5 5. Ng3 Bg6 6. h4 h6 7. Ne5 Bh7 8. Qh5 g6 9. Bc4 e6 10. Qe2 Bg7 11. Nxf7 Qe7 12. Nxh8 Bxh8 13. Qxe6 Nd7 14. d3 Qxe6+ 15. Bxe6 0-0-0 16. 0-0 Re8 17. Bf7 Re7 18. Ne4 Be5 19. f4 Bd4+ 20. Kh1 Kc7 21. Bb3 Ngf6 22. c3 Nxe4 23. dxe4 Bb6 24. f5 Rxe4 25. Bf4+ Kc8 26. Rae1 Rxe1 27. Rxe1 gxf5 28. Re7 Nf6 29. Rf7 Bd8 30. Be6+ 1-0

[Event "Mlada Boleslav Region-ch"]
[Site "Mlada Boleslav"]
[Date "2015.06.21"]
[Round "7"]
[White "Kronowetter, Borivoj"]
[Black "Kamenicky, Stanislav"]
[Result "1-0"]
[WhiteElo "1552"]
[BlackElo "1000"]
[PlyCount "65"]
[EventDate "2015.06.20"]
[EventType "swiss"]
[EventRounds "7"]
[EventCountry "CZE"]
[SourceTitle "EXT 2017"]
[Source "ChessBase"]
[SourceDate "2016.10.25"]
[SourceVersion "1"]
[SourceVersionDate "2016.10.25"]
[SourceQuality "1"]

1. e4 e5 2. Nf3 Nc6 3. Bc4 h6 4. 0-0 Nf6 5. Nc3 Bc5 6. d3 d6 7. Be3 Bb6 8. h3 Be6 9. Bb3 Nb4 10. d4 exd4 11. Nxd4 c5 12. Nxe6 fxe6 13. Bxe6 Qe7 14. Bf5 Rd8 15. Bg6+ Kf8 16. Nd5 Qe6 17. Bf5 Qe5 18. Nxb6 axb6 19. c3 Nc6 20. f4 Qe7 21. Qf3 d5 22. e5 Ne8 23. Rae1 d4 24. Bd2 dxc3 25. Bxc3 Nc7 26. Rd1 Kf7 27. Qh5+ Kf8 28. Qg6 Ne8 29. e6 b5 30. Rxd8 Nxd8 31. Rd1 b4 32. Rxd8 Qxd8 33. Qf7# 1-0